书目信息 |
| 题名: |
钓鱼基础
|
|
| 作者: | 托斯 著 ;耿德本 译 | |
| 分册: | ||
| 出版信息: | 沈阳 辽宁教育出版社 1999.8 |
|
| 页数: | 260页 | |
| 开本: | 20cm | |
| 丛书名: | 完全傻瓜指导系列 | |
| 单 册: | ||
| 中图分类: | G897.1 | |
| 科图分类: | ||
| 主题词: | 文娱性体育活动:钓鱼 | |
| 电子资源: | ||
| ISBN: | 7-5382-5525-7 | |
| 000 | 00701nam0 2200241 45 | |
| 001 | 0005231646 | |
| 005 | 20040509091436.7 | |
| 010 | @a7-5382-5525-7@dCNY14.50 | |
| 100 | @a20000523d1999 km y0chiy0120 ea | |
| 101 | 0 | @achi |
| 105 | @a z 000yy | |
| 200 | 1 | @a钓鱼基础@ADiao Yu Ji Chu@f迈克·托斯著@FMai Ke·Tuo Si Zhu@g耿德本等译 |
| 210 | @a沈阳@c辽宁教育出版社@d1999.8 | |
| 215 | @a260页@c插图@d20cm | |
| 225 | @a完全傻瓜指导系列 | |
| 300 | @a书名原文:Fishing Basics | |
| 410 | @12001 @a完全傻瓜指导系列 | |
| 606 | 0 | @a文娱性体育活动:钓鱼 |
| 690 | @aG897.1@v1 | |
| 701 | 0 | @a托斯@4著 |
| 702 | 0 | @a耿德本@AGeng De Ben@4译 |
| 801 | @aCN@bTSTC@c20000523 | |
| 905 | @dG897.1@e168@b288255@f1 | |
| 钓鱼基础/迈克·托斯著/耿德本等译.-沈阳:辽宁教育出版社,1999.8 |
| 260页:插图;20cm.-(完全傻瓜指导系列) |
| 书名原文:Fishing Basics |
| ISBN 7-5382-5525-7:CNY14.50 |
| ● |
| 相关链接 |
|
|
|
|
正题名:钓鱼基础
索取号:G897.1/168
 
预约/预借
| 序号 | 登录号 | 条形码 | 馆藏地/架位号 | 状态 | 备注 |
| 1 | 0288255 | 002882553 | 第四借阅区/ [索取号:G897.1/168] | 在馆 | |
| 2 | 0288256 | 002882562 | 第四借阅区/ [索取号:G897.1/168] | 在馆 | |
| 3 | 0288257 | 002882571 | 第一样本阅览室/ [索取号:G897.1/168] | 在馆 |